al-Maḥāsin wa-al-masāwī /
Saved in:
Main Author:
Format: Book
Language: Arabic
Published:
Miṣr :
Maṭbaʻat al-Saʻādah,
1906.
Subjects:
Tags: Add Tag
No Tags, Be the first to tag this record!
Call Number: PJ7528 .B4 v.1-2
| LEADER | 01139nam a2200229Ia 4500 | ||
|---|---|---|---|
| 003 | OSt | ||
| 005 | 20231012055650.0 | ||
| 008 | 130303s1906 ua 000 0 ara d | ||
| 952 | |0 0 |1 0 |2 lcc |3 V.1-2 |4 0 |6 PJ7528 B4 V.00001-00002 |7 1 |9 50399 |a ARCE |b ARCE |d 2023-10-12 |l 0 |o PJ7528 .B4 v.1-2 |p 1028455 |r 2023-10-12 00:00:00 |w 2023-10-12 |y BK | ||
| 999 | |c 30047 |d 30047 | ||
| 040 | |c ARCE Library | ||
| 050 | 4 | |a PJ7528 .B4 v.1-2 | |
| 100 | 1 | |6 880-01 |a Bayhaqī, Ibrāhīm ibn Muḥammad, |d active 10th century, |e author | |
| 245 | 1 | 3 | |6 880-02 |a al-Maḥāsin wa-al-masāwī / |c taʼlīf Ibrāhīm ibn Muḥammad al-Bayhaqī. |
| 264 | 1 | |a Miṣr : |b Maṭbaʻat al-Saʻādah, |c 1906. | |
| 300 | |a 2 v. in 1 ; |c 24 cm. | ||
| 650 | 0 | |a Arabic literature |y 759-1258 |v Early works to 1800. | |
| 650 | 0 | |a Islam |v Early works to 1800. | |
| 880 | 1 | |6 100-01/(3/r |a بيهقي، إبراهيم بن محمد، |d نشط القرن العاشر. | |
| 880 | 1 | 2 | |6 245-02/(3/r |a المحاسن و المساوي |c تأليف ابراهيم بن محمد البيهقي. |
| 901 | |a reviewed | ||
| 942 | |c BK |2 lcc | ||
